000
00266nam a2200109Ia 4500
008
220204s9999 xx 000 0 und d
082
_a
82-34(515)
_b
FOL
100
_a
OConnor, W F
245
0
_a
Folk tales of Tibet
260
_a
New Delhi
_b
Sterling
_c
1979
942
_c
BK
999
_c
32478
_d
32478